000 00504nam a2200181 4500
003 SEACOMMC
005 20250430151509.0
008 250116b |||||||| |||| 00| 0 eng d
020 _a 81-309-10175-7
_cRs.395.00
040 _aSEACOMMC
082 _a338.4791
_bN 558
100 _aNewsome, David
245 1 _aNatural Area Tourism /
_cDavid Newsome, [et... al]
260 _a Kolkata
_b Viva-Books
_c 2006
440 _aAspects of Tourism,4
650 _a Ecology Tourism - Management
942 _cBOOK
999 _c1012
_d1012